000 00535nam a2200193 a 4500
001 1759035902673
003 YourLibrary
005 20250929103530.0
008 250928s2010##################000#0#eng##
020 _a9781435439733
082 0 4 _a158.1
_bTHR
100 1 _aThroop, Robert K.,
_eauthor.
245 1 0 _aReaching Your Potential: Personal and Professional Development :
260 _bCengage Learning,
_c2010.
300 _a392 pages
650 0 _aEducation.
942 _cENGLISH
040 _aYourLibrary
_beng
_cYourLibrary
999 _c590051
_d590051